ប្រសិទ្ធភាពនៃការប្រើប្រាស់តែកំប៉ុស្ពិ៍លើដំណាំខាត់ណាដើម នៅស្រុកខ្សាច់កណ្តាល effect of using compost tea on chinese kale in ksach kandal district, kandal province (Record no. 19200)
[ view plain ]
| 000 -LEADER | |
|---|---|
| fixed length control field | 00695nam a22001577a 4500 |
| 003 - CONTROL NUMBER IDENTIFIER | |
| control field | LRUA |
| 005 - DATE AND TIME OF LATEST TRANSACTION | |
| control field | 20200513142941.0 |
| 008 - FIXED-LENGTH DATA ELEMENTS--GENERAL INFORMATION | |
| fixed length control field | 200513b xxu||||| |||| 00| 0 eng d |
| 040 ## - CATALOGING SOURCE | |
| Transcribing agency | RUA |
| 082 ## - DEWEY DECIMAL CLASSIFICATION NUMBER | |
| Classification number | AGR SOU 2018 B663 Or.1 |
| 100 ## - MAIN ENTRY--PERSONAL NAME | |
| 9 (RLIN) | 14250 |
| Personal name | SOUN KAMSAN សូត វណ្ណា |
| 245 ## - TITLE STATEMENT | |
| Title | ប្រសិទ្ធភាពនៃការប្រើប្រាស់តែកំប៉ុស្ពិ៍លើដំណាំខាត់ណាដើម នៅស្រុកខ្សាច់កណ្តាល effect of using compost tea on chinese kale in ksach kandal district, kandal province |
| 260 ## - PUBLICATION, DISTRIBUTION, ETC. (IMPRINT) | |
| Place of publication, distribution, etc. | RUA |
| Name of publisher, distributor, etc. | Phnom penh |
| Date of publication, distribution, etc. | 2018 |
| 300 ## - PHYSICAL DESCRIPTION | |
| Extent | ix,45p |
| Other physical details | ill; |
| Dimensions | 29cm |
| 942 ## - ADDED ENTRY ELEMENTS (KOHA) | |
| Source of classification or shelving scheme | |
| Koha item type | AGR |
| Price effective from | Date last seen | Permanent Location | Not for loan | Date acquired | Source of classification or shelving scheme | Koha item type | Lost status | Withdrawn status | Date last checked out | Total Checkouts | Shelving location | Damaged status | Barcode | Current Location | Full call number |
|---|---|---|---|---|---|---|---|---|---|---|---|---|---|---|---|
| 2020-05-13 | 2020-05-13 | Library Block B | 2020-05-13 | AGR | B663 | A063669 | Library Block B | AGR SOU 2018 B663 Or.1 | |||||||
| 2020-05-13 | 2022-08-08 | Library Block B | 2020-05-13 | AGR | 2022-07-29 | 1 | B663 | A063497 | Library Block B | AGR SOU 2018 B663 Or.2 | |||||
| 2020-05-13 | 2020-05-13 | Library Block B | 2020-05-13 | AGR | B663 | A063297 | Library Block B | AGR SOU 2018 B663 Or.3 | |||||||
| 2020-05-13 | 2023-01-24 | Library Block B | 2020-05-13 | AGR | 2022-12-26 | 3 | B663 | A063237 | Library Block B | AGR SOU 2018 B663 Or.4 | |||||
| 2020-05-13 | 2022-08-23 | Library Block B | 2020-05-13 | AGR | 2022-08-22 | 1 | B663 | A063833 | Library Block B | AGR SOU 2018 B663 Or.5 | |||||
| 2020-05-13 | 2020-05-13 | Library Block B | 2020-05-13 | AGR | B663 | A063893 | Library Block B | AGR SOU 2018 B663 Or.6 |